Normal view MARC view
  • Football Stadia Improvement Fund

Entry Corporate Name

Number of records used in: 1

001 - CONTROL NUMBER

  • control field: 4670

003 - CONTROL NUMBER IDENTIFIER

  • control field: OSt

005 - DATE AND TIME OF LATEST TRANSACTION

  • control field: 20190806150235.0

008 - FIXED-LENGTH DATA ELEMENTS

  • fixed length control field: 050125n| aaannaabn |n ana d

040 ## - CATALOGING SOURCE

  • Original cataloging agency: OSt
  • Transcribing agency: OSt

110 ## - HEADING--CORPORATE NAME

  • Corporate name or jurisdiction name as entry element: Football Stadia Improvement Fund

410 ## - SEE FROM TRACING--CORPORATE NAME

  • Corporate name or jurisdiction name as entry element: The Football Stadia Improvement Fund

670 ## - SOURCE DATA FOUND

  • Source citation: Accessible stadia, 2003